| 000 | 03270nam a22003257a 4500 | ||
|---|---|---|---|
| 001 | TIGAL 0011 | ||
| 003 | gtcocun | ||
| 005 | 20250923184923.0 | ||
| 006 | a||||gr|||| 00| 0 | ||
| 007 | ta | ||
| 008 | 250923b2018 gt ||||| m||| 00| 0 eng d | ||
| 040 |
_agtcocun _bSPA _cgtcocun _eRDA |
||
| 041 | _aSPA TIGAL 0011 | ||
| 084 | _0TIGAL 0011 | ||
| 100 |
_aSoto Pineda, Ana Lucía _eAutor |
||
| 245 |
_aINFORME FINAL DEL EJERCICIO PROFESIONAL SUPERVISADO, REALIZADO EN LA PLANTA HIDROELÉCTRICA RENACE I Y EN LA ALDEA SANTA MARÍA JULHA, SAN PEDRO CARCHÁ, ALTA VERAPAZ/ _cAna Lucía Soto Pineda. _hImpreso |
||
| 264 |
_aCobán, Alta Verapaz: _bUniversidad de San Carlos de Guatemala, Centro Universitario del Norte, Carrera de Ingeniería en Gestión Ambiental Local _c2018 |
||
| 300 |
_a110 p.: _bIlustraciones, gráficas. _c28 cm; |
||
| 336 |
_2rdacontenido _aTexto _btxt |
||
| 337 |
_2rdamedio _aComputadora _bn |
||
| 338 |
_2rdasoporte _aCódigo en línea _bcr |
||
| 502 | _eTIGAL 0011 | ||
| 502 |
_aTesis de grado _bCarrera de Ingeniería en Gestión Ambiental Local, _cUniversidad de San Carlos de Guatemala, Centro Universitario del Norte, Carrera de Ingeniería en Gestión Ambiental Local _d2018 _oTIGAL 0011 |
||
| 520 | 1 | 4 | _aLas actividades ejecutadas dentro del ejercicio profesional supervisado se realizaron en la aldea Santa María Julha y en la planta hidroeléctrica Renace I, ambas se localizan en el noreste del municipio de San Pedro Carchá, departamento de Alta Verapaz. El normativo del ejercicio profesional supervisado establece dentro de sus objetivos que el estudiante debe integrar los conocimientos aprendidos, de esta manera se desarrollaron actividades de investigación, docencia y extensión relacionadas a la gestión ambiental. Previo a la ejecución de las actividades en la aldea Santa María Julha, se realizó la planificación conforme a la identificación de los principales problemas ambientales en el área de trabajo, a partir de ello se implementaron actividades relacionadas al saneamiento ambiental, vulnerabilidad ante los efectos del cambio climático, deforestación, contaminación por residuos sólidos y manejo de riesgo a desastres. Para implementar las actividades se realizó una segmentación de los habitantes según edad, género y organización comunitaria; con el objetivo de involucrar la mayor parte en las charlas, proyectos y programas desarrollados. Se desarrolló una investigación inferencial para identificar las áreas con alto contenido de arcillas en la aldea Santa María Julha, para su aprovechamiento como elemento filtrante de agua contaminada, el estudio consistió en identificar en distintas muestras de suelo, su textura y porosidad; y posteriormente seleccionar el suelo ideal con el que se construyeron 5 filtros a base de arcilla, aserrín y plata coloidal. |
| 650 | 1 | 4 |
_2LEMB _aCarchá, Alta Verapaz _xIngeniería en Gestión Ambiental Local _xSanta María Julha _xSan Pedro Carchá _xSaneamiento ambiental _xCambio climático _xFiltros de arcilla |
| 700 |
_aIng. Agr. Julio Oswaldo Méndez Morales _eAsesor |
||
| 856 |
_uSin archivo en línea _zSin archivo en línea |
||
| 942 |
_2ddc _cTES _iTIGAL 0011 _kClasificación _n0 _6TIGAL_0011_000000000000000 |
||
| 999 |
_c2106 _d2106 |
||